[Event "Benidorm 2010 - Sub-2300"]
[Site "Benidorm ESP"]
[Date "2010.12.03"]
[Round "1.1"]
[White "Garcia Trobat, Francisco"]
[Black "Plaza Pardo, Daniel"]
[Result "1/2-1/2"]
[WhiteElo "2291"]
[BlackElo "2128"]
[PlyCount "109"]
[EventDate "2010.12.03"]
[EventType "tourn"]
[EventRounds "10"]
[EventCountry "ESP"]
[Source "lmi"]
[SourceDate "2010.12.03"]

1. Nf3 Nf6 2. c4 c6 3. d4 d5 4. cxd5 cxd5 5. Nc3 Nc6 6. Bf4 a6 7. e3 Bg4 8. Qb3
Na5 9. Qc2 Bxf3 10. gxf3 Rc8 11. Bd3 e6 12. Rg1 b5 13. a4 b4 14. Bxa6 bxc3 15.
Bxc8 Qxc8 16. Qxc3 Qc4 17. Qxc4 dxc4 18. Rc1 Nd5 19. Ke2 Kd7 20. Bg3 Bb4 21.
Be5 Rg8 22. e4 Nb6 23. Bxg7 Nxa4 24. d5 exd5 25. exd5 Nc5 26. Kf1 Nd3 27. Ra1
Nf4 28. d6 Nb3 29. Ra7+ Kc6 30. Rc7+ Kb6 31. Bd4+ Nxd4 32. Rxg8 Bxd6 33. Rxf7
Nxf3 34. Rxf4 Bxf4 35. Rf8 Nd2+ 36. Ke2 Bd6 37. Rf6 Ne4 38. Re6 c3 39. bxc3
Nxc3+ 40. Kd3 Nb5 41. Rh6 Kc5 42. Rxh7 Nc7 43. Ke4 Ne6 44. h4 Kc6 45. Rf7 Kc5
46. f4 Nxf4 47. Rxf4 Bxf4 48. Kxf4 Kd6 49. Kf5 Ke7 50. Kg6 Kf8 51. Kh7 Kf7 52.
h5 Kf8 53. Kg6 Kg8 54. h6 Kh8 55. h7 1/2-1/2

[Event "Benidorm 2010 - Sub-2300"]
[Site "Benidorm ESP"]
[Date "2010.12.03"]
[Round "1.2"]
[White "Monmeneu Chulia, Victor"]
[Black "Madina Yadarola, Martin"]
[Result "1/2-1/2"]
[WhiteElo "2126"]
[BlackElo "2289"]
[PlyCount "79"]
[EventDate "2010.12.03"]
[EventType "tourn"]
[EventRounds "10"]
[EventCountry "ESP"]
[Source "lmi"]
[SourceDate "2010.12.03"]

1. e4 c5 2. Nc3 e6 3. g3 Nc6 4. Bg2 h5 5. h4 d6 6. d3 Be7 7. Nh3 Rb8 8. a4 a6
9. Be3 Nf6 10. Nf4 b5 11. axb5 axb5 12. O-O b4 13. Nce2 e5 14. Nd5 Nxd5 15.
exd5 Nd4 16. c3 bxc3 17. bxc3 Nf5 18. Bd2 g5 19. hxg5 h4 20. f4 hxg3 21. Qe1
Rb2 22. Ra8 Rh2 23. Nxg3 Rxg2+ 24. Kxg2 Nxg3 25. Kxg3 Qd7 26. Rxc8+ Qxc8 27.
fxe5 dxe5 28. Bc1 Rc2 29. Qxe5 Qa6 30. Qf5 Bd6+ 31. Bf4 Rxc3 32. Rf3 c4 33. Qf6
Bxf4+ 34. Qxf4 Rxd3 35. Qxf7+ Kd8 36. Rxd3 cxd3 37. Kf3 d2 38. Qf8+ Kd7 39.
Qf5+ Kd8 40. Qf8+ 1/2-1/2

[Event "Benidorm 2010 - Sub-2300"]
[Site "Benidorm ESP"]
[Date "2010.12.03"]
[Round "1.4"]
[White "Du Plessis, Heinco"]
[Black "Goormachtigh, Johan"]
[Result "1/2-1/2"]
[WhiteElo "2116"]
[BlackElo "2287"]
[PlyCount "42"]
[EventDate "2010.12.03"]
[EventType "tourn"]
[EventRounds "10"]
[EventCountry "ESP"]
[Source "lmi"]
[SourceDate "2010.12.03"]

1. e4 c5 2. Nf3 e6 3. d4 cxd4 4. Nxd4 Nc6 5. Nc3 Qc7 6. Ndb5 Qb8 7. Be3 a6 8.
Bb6 axb5 9. Nxb5 Bb4+ 10. c3 Ba5 11. Nc7+ Qxc7 12. Bxc7 Bxc7 13. Qg4 g6 14. Bb5
Nge7 15. h4 f6 16. a4 h5 17. Qe2 Ne5 18. O-O-O Kf7 19. f4 Ng4 20. Rhf1 Nc6 21.
Rf3 Rd8 1/2-1/2

[Event "Benidorm 2010 - Sub-2300"]
[Site "Benidorm ESP"]
[Date "2010.12.03"]
[Round "1.7"]
[White "Diogo, Vasco"]
[Black "Gutierrez Mingueza, Ruben"]
[Result "1-0"]
[WhiteElo "2285"]
[BlackElo "2112"]
[PlyCount "73"]
[EventDate "2010.12.03"]
[EventType "tourn"]
[EventRounds "10"]
[EventCountry "ESP"]
[Source "lmi"]
[SourceDate "2010.12.03"]

1. Nf3 Nf6 2. g3 c5 3. Bg2 Nc6 4. O-O d5 5. d3 e5 6. Nbd2 Be7 7. e4 O-O 8. Re1
dxe4 9. dxe4 Be6 10. c3 h6 11. Qe2 Qc7 12. Nh4 g6 13. Nc4 Kh7 14. Ne3 Rad8 15.
h3 Rfe8 16. b3 Bf8 17. Kh2 Bg7 18. Bb2 Ne7 19. c4 Nc6 20. Nd5 Qc8 21. Nf3 Nd4
22. Nxd4 exd4 23. Qd3 Nxd5 24. cxd5 Bd7 25. Rac1 b6 26. f4 Qb8 27. e5 Bf5 28.
Qf3 Bc8 29. d6 a5 30. g4 f6 31. Bxd4 cxd4 32. Rc7 Rxd6 33. exd6 Rxe1 34. Qd5
Be6 35. Qxd4 Qd8 36. Re7 Re2 37. f5 1-0

[Event "Benidorm 2010 - Sub-2300"]
[Site "Benidorm ESP"]
[Date "2010.12.03"]
[Round "1.8"]
[White "Navarro Lopez-Menchero, Daniel"]
[Black "Moreno Gracia, Daniel"]
[Result "1/2-1/2"]
[WhiteElo "2112"]
[BlackElo "2283"]
[PlyCount "123"]
[EventDate "2010.12.03"]
[EventType "tourn"]
[EventRounds "10"]
[EventCountry "ESP"]
[Source "lmi"]
[SourceDate "2010.12.03"]

1. e4 c5 2. b3 Nc6 3. Bb2 d6 4. Bb5 Nf6 5. e5 dxe5 6. Bxc6+ bxc6 7. Bxe5 Qd5 8.
Nf3 Qe4+ 9. Qe2 Qxc2 10. O-O Qe4 11. Qxe4 Nxe4 12. Re1 Nf6 13. Bxf6 gxf6 14.
Nc3 Bg4 15. Ne4 O-O-O 16. Nh4 f5 17. Ng5 Bh5 18. Nxf5 Rd5 19. g4 Rxf5 20. gxf5
Rg8 21. f4 h6 22. f6 exf6 23. Re8+ Kd7 24. Rxf8 Rxf8 25. Ne4 Bf3 26. Nxc5+ Kd6
27. Kf2 Bd5 28. d4 Rg8 29. Rg1 Rg6 30. Rg3 h5 31. Ke3 h4 32. Rh3 Rg4 33. Ne4+
Ke6 34. Nf2 Kf5 35. Ke2 Rxf4 36. Rd3 Ke6 37. Re3+ Kd6 38. Rd3 f5 39. Ke3 Rf3+
40. Ke2 Rf4 41. Ke3 Rf3+ 42. Ke2 Rxd3 43. Kxd3 f4 44. Nh3 f3 45. Ke3 c5 46.
dxc5+ Kxc5 47. Nf4 Kd6 48. Nxd5 Kxd5 49. Kxf3 Kd4 50. b4 h3 51. b5 Kc5 52. Kg3
Kd4 53. Kxh3 Ke3 54. Kg4 Ke4 55. Kg5 f5 56. h4 f4 57. h5 f3 58. h6 f2 59. h7
f1=Q 60. h8=Q Qxb5+ 61. Kg4 Qd7+ 62. Kg3 1/2-1/2

[Event "Benidorm 2010 - Sub-2300"]
[Site "Benidorm ESP"]
[Date "2010.12.03"]
[Round "1.9"]
[White "Perez Gonzalez, Jose Manuel"]
[Black "Bas Mas, Jose Joaquin"]
[Result "1/2-1/2"]
[WhiteElo "2281"]
[BlackElo "2111"]
[PlyCount "131"]
[EventDate "2010.12.03"]
[EventType "tourn"]
[EventRounds "10"]
[EventCountry "ESP"]
[Source "lmi"]
[SourceDate "2010.12.03"]

1. e4 c5 2. Nf3 e6 3. d4 cxd4 4. Nxd4 Nf6 5. Nc3 Nc6 6. Ndb5 Bb4 7. Bf4 e5 8.
Bg5 O-O 9. a3 Be7 10. Bxf6 Bxf6 11. Nd5 a6 12. Nbc7 Rb8 13. Nxf6+ Qxf6 14. Nd5
Qg6 15. Qd3 d6 16. g3 f5 17. Bg2 fxe4 18. Bxe4 Bf5 19. Bxf5 Qxf5 20. Qxf5 Rxf5
21. Rd1 Rbf8 22. O-O g5 23. Kg2 h6 24. Rd2 Kh7 25. c3 R5f7 26. Nb6 e4 27. Nc4
b5 28. Nxd6 e3 29. Re2 Rxf2+ 30. Rexf2 exf2 31. Rxf2 Rd8 32. Ne4 Ne5 33. Rf6
Rd1 34. Rf1 Rd8 35. Rf2 Rd1 36. Nc5 a5 37. Re2 Nc4 38. a4 bxa4 39. Nxa4 Rd3 40.
Nc5 Rd1 41. b3 Nd6 42. Ra2 g4 43. h3 h5 44. hxg4 hxg4 45. Kf2 Rc1 46. c4 Nf5
47. Ne4 Rb1 48. Nf6+ Kg6 49. Nxg4 Rxb3 50. Ne5+ Kf6 51. Nf3 Nd6 52. c5 Ne4+ 53.
Kg2 Nxc5 54. Rxa5 Ne4 55. Ra6+ Kg7 56. Re6 Rxf3 57. Rxe4 Rf6 58. Kh3 Kg6 59.
Kg4 Ra6 60. Kh4 Rb6 61. g4 Ra6 62. Re8 Rb6 63. Rg8+ Kh7 64. Rg5 Kh6 65. Ra5 Kg6
66. Rg5+ 1/2-1/2

[Event "Benidorm 2010 - Sub-2300"]
[Site "Benidorm ESP"]
[Date "2010.12.03"]
[Round "1.10"]
[White "Do Santos Julio, Joao Manuel"]
[Black "Torres Ventosa, Pedro Eugenio"]
[Result "0-1"]
[WhiteElo "2111"]
[BlackElo "2277"]
[PlyCount "122"]
[EventDate "2010.12.03"]
[EventType "tourn"]
[EventRounds "10"]
[EventCountry "ESP"]
[Source "lmi"]
[SourceDate "2010.12.03"]

1. e4 d6 2. d4 Nf6 3. Bd3 e5 4. c3 Be7 5. h3 O-O 6. Nf3 Nbd7 7. O-O c6 8. Re1
Rb8 9. Nbd2 b5 10. Nf1 c5 11. Be3 Qc7 12. Rc1 c4 13. Bb1 a5 14. Ng3 g6 15. Nh2
d5 16. dxe5 Nxe4 17. Nxe4 dxe4 18. Bxe4 Nxe5 19. Nf3 Rd8 20. Nd4 Bb7 21. Bf4
Bxe4 22. Rxe4 Bd6 23. Bxe5 Bxe5 24. Qg4 Bxd4 25. Rxd4 Rxd4 26. Qxd4 Rd8 27. Qe3
Qd6 28. Re1 b4 29. Qg5 Ra8 30. h4 h5 31. g3 a4 32. Qe5 Qxe5 33. Rxe5 a3 34.
bxa3 bxc3 35. Re2 Rxa3 36. Kf1 Kg7 37. Ke1 Kf6 38. Re4 Ra4 39. a3 Kf5 40. Rf4+
Ke6 41. Kd1 f5 42. Kc2 Kd5 43. Kxc3 Rxa3+ 44. Kd2 Rd3+ 45. Kc2 Rb3 46. Kc1 Ra3
47. Kb2 Rd3 48. Kc2 Kc5 49. Kb2 Kb5 50. Kc1 Kb4 51. Kc2 Rc3+ 52. Kd2 Rd3+ 53.
Kc2 Ra3 54. Kb2 Rc3 55. f3 Re3 56. g4 Re2+ 57. Kc1 Kb3 58. gxf5 c3 59. Re4 Rh2
60. Re1 gxf5 61. Kd1 Kb2 0-1

[Event "Benidorm 2010 - Sub-2300"]
[Site "Benidorm ESP"]
[Date "2010.12.03"]
[Round "1.11"]
[White "Alcaraz Ortega, Javier"]
[Black "Osuna Munoz, Javier"]
[Result "1-0"]
[WhiteElo "2274"]
[BlackElo "2106"]
[PlyCount "105"]
[EventDate "2010.12.03"]
[EventType "tourn"]
[EventRounds "10"]
[EventCountry "ESP"]
[Source "lmi"]
[SourceDate "2010.12.03"]

1. Nf3 e6 2. c4 f5 3. g3 Nf6 4. Bg2 d5 5. d4 c6 6. Qc2 Bd6 7. O-O O-O 8. b3 Qe7
9. Bb2 Ne4 10. Ne5 Ng5 11. Nd2 Nd7 12. Nd3 Rf6 13. Bc1 Nf7 14. Nf3 h6 15. h4
dxc4 16. Qxc4 Kh8 17. Re1 e5 18. dxe5 Nfxe5 19. Qc2 Nxd3 20. exd3 Re6 21. Rxe6
Qxe6 22. Bb2 f4 23. Re1 Qg6 24. Qc4 Nb6 25. Qd4 Bf5 26. h5 c5 27. Qc3 Qf7 28.
Nh4 Bf8 29. Re5 Bh7 30. g4 Rd8 31. Be4 Qf6 32. Nf3 Bxe4 33. dxe4 Nd7 34. Rd5
Qxc3 35. Bxc3 Be7 36. g5 Kg8 37. gxh6 gxh6 38. Kg2 Nf6 39. Rxd8+ Bxd8 40. Bxf6
Bxf6 41. Kh3 Bd4 42. Kg4 Bxf2 43. Kxf4 Kf7 44. Ke5 Ke7 45. Kd5 Kd7 46. Ne5+ Ke7
47. Ng4 Bg1 48. Nxh6 b5 49. e5 a5 50. Nf5+ Kf8 51. h6 Kg8 52. e6 c4 53. e7 1-0

[Event "Benidorm 2010 - Sub-2300"]
[Site "Benidorm ESP"]
[Date "2010.12.03"]
[Round "1.12"]
[White "Muelas Cerezuela, Jose"]
[Black "Villuendas Valero, Adrian"]
[Result "0-1"]
[WhiteElo "2105"]
[BlackElo "2269"]
[PlyCount "50"]
[EventDate "2010.12.03"]
[EventType "tourn"]
[EventRounds "10"]
[EventCountry "ESP"]
[Source "lmi"]
[SourceDate "2010.12.03"]

1. e4 e6 2. d4 d5 3. Nc3 Nf6 4. e5 Nfd7 5. f4 c5 6. Nf3 Nc6 7. Be3 Qb6 8. Na4
Qa5+ 9. c3 cxd4 10. b4 Nxb4 11. cxb4 Bxb4+ 12. Bd2 Bxd2+ 13. Nxd2 b6 14. Nb2
Nc5 15. Be2 Qa3 16. Qc1 Ba6 17. Bxa6 Qxa6 18. Nb3 Rc8 19. Qd1 O-O 20. g3 Ne4
21. Nd3 Rc3 22. Nbc1 Nc5 23. Ke2 Rc8 24. h4 Nxd3 25. Nxd3 Rxd3 0-1

[Event "Benidorm 2010 - Sub-2300"]
[Site "Benidorm ESP"]
[Date "2010.12.03"]
[Round "1.14"]
[White "Laabi Chian, Majid"]
[Black "Ibarra Jerez, Juan Miguel"]
[Result "1-0"]
[WhiteElo "2104"]
[BlackElo "2267"]
[PlyCount "77"]
[EventDate "2010.12.03"]
[EventType "tourn"]
[EventRounds "10"]
[EventCountry "ESP"]
[Source "lmi"]
[SourceDate "2010.12.03"]

1. d4 Nf6 2. Bf4 g6 3. e3 Bg7 4. h3 O-O 5. Nf3 d6 6. Be2 Nc6 7. O-O Bd7 8. c4
Ne4 9. Bh2 e6 10. Bd3 Nf6 11. Nc3 Re8 12. Be2 Qe7 13. Rc1 Rad8 14. a3 Bc8 15.
b4 Nb8 16. c5 dxc5 17. bxc5 a6 18. Qa4 Nd5 19. Nxd5 exd5 20. Rb1 Qd7 21. Qa5
Nc6 22. Qc3 Ne7 23. Bd1 h6 24. Rb4 Nc6 25. Ba4 Re6 26. Rb2 Nxd4 27. exd4 Qxa4
28. Bxc7 Rde8 29. Ne5 Bxe5 30. dxe5 Qc6 31. Bd6 Kh7 32. Qd4 f5 33. Rb6 Qd7 34.
Rc1 Qg7 35. Qxd5 g5 36. c6 bxc6 37. Rcxc6 Bb7 38. Rxb7 Qxb7 39. Rc7+ 1-0

[Event "Benidorm 2010 - Sub-2300"]
[Site "Benidorm ESP"]
[Date "2010.12.03"]
[Round "1.22"]
[White "Roqueni Canal, Ramon"]
[Black "Avila Jimenez, Javier"]
[Result "1-0"]
[WhiteElo "2246"]
[BlackElo "2084"]
[PlyCount "73"]
[EventDate "2010.12.03"]
[EventType "tourn"]
[EventRounds "10"]
[EventCountry "ESP"]
[Source "lmi"]
[SourceDate "2010.12.03"]

1. Nf3 d5 2. g3 Bg4 3. Bg2 e6 4. d3 Nd7 5. Nbd2 Bc5 6. c3 Ne7 7. O-O O-O 8. b4
Bb6 9. Bb2 c5 10. a3 Rc8 11. Rc1 Nc6 12. b5 Ne7 13. c4 Bc7 14. Qa4 Bxf3 15.
Bxf3 Bb8 16. cxd5 exd5 17. Qg4 Ne5 18. Qh5 g6 19. Qh3 Qa5 20. Bc3 Qxa3 21. Bg2
Qa4 22. f4 d4 23. Ba1 Nf5 24. fxe5 Bxe5 25. Rxf5 gxf5 26. Qxf5 f6 27. Nc4 Rce8
28. Be4 Re7 29. Nxe5 fxe5 30. Bd5+ Rff7 31. Bxf7+ Rxf7 32. Qc8+ Kg7 33. Qxc5
Rf8 34. Qe7+ Kg6 35. Qxb7 Rf6 36. Qe4+ Kh6 37. Qxe5 1-0

[Event "Benidorm 2010 - Sub-2300"]
[Site "Benidorm ESP"]
[Date "2010.12.03"]
[Round "1.27"]
[White "Castellanos Bogalo, Antonio"]
[Black "Pruja Ramirez De Cartagena, Mar"]
[Result "1-0"]
[WhiteElo "2074"]
[BlackElo "2239"]
[PlyCount "83"]
[EventDate "2010.12.03"]
[EventType "tourn"]
[EventRounds "10"]
[EventCountry "ESP"]
[Source "lmi"]
[SourceDate "2010.12.03"]

1. e4 c5 2. d4 cxd4 3. c3 dxc3 4. Nxc3 Nc6 5. Nf3 e6 6. Bc4 Qc7 7. Qe2 Nf6 8.
h3 d6 9. O-O Be7 10. Be3 O-O 11. Rac1 Qb8 12. Rfd1 a6 13. a4 Bd7 14. Bb6 Ne5
15. Bb3 Nxf3+ 16. Qxf3 Bc6 17. Qe2 Nd7 18. Be3 Nc5 19. Bc2 Bf6 20. b4 Bxc3 21.
bxc5 dxc5 22. Bxc5 Rd8 23. Bb6 Rxd1+ 24. Rxd1 Bf6 25. Bc5 Qe8 26. e5 Be7 27.
Bxe7 Qxe7 28. Rd4 g6 29. Qd2 Kg7 30. Rd6 h6 31. f4 Bd5 32. Qd4 Rc8 33. Bd3 Qh4
34. Kh2 Rd8 35. g3 Qe7 36. a5 Rc8 37. f5 Qg5 38. Rxd5 exd5 39. f6+ Kh7 40. h4
Qd2+ 41. Kh3 Rd8 42. Bxg6+ 1-0

[Event "Benidorm 2010 - Sub-2300"]
[Site "Benidorm ESP"]
[Date "2010.12.03"]
[Round "1.32"]
[White "Martin Martin, Luis"]
[Black "Hristodorescu, Daniel"]
[Result "1/2-1/2"]
[WhiteElo "2233"]
[BlackElo "2057"]
[PlyCount "73"]
[EventDate "2010.12.03"]
[EventType "tourn"]
[EventRounds "10"]
[EventCountry "ESP"]
[Source "lmi"]
[SourceDate "2010.12.03"]

1. d4 Nf6 2. Nf3 g6 3. Bf4 Bg7 4. e3 O-O 5. h3 d6 6. Be2 Nbd7 7. O-O e6 8. c4
Qe7 9. Nc3 e5 10. Bh2 b6 11. Nb5 c6 12. dxe5 dxe5 13. Qd6 Qxd6 14. Nxd6 e4 15.
Ne5 Nxe5 16. Bxe5 Be6 17. Rad1 Rfd8 18. b3 Bf8 19. Bxf6 Rxd6 20. Rxd6 Bxd6 21.
Rd1 Bc5 22. Bg4 Re8 23. Kf1 Be7 24. Bxe6 Bxf6 25. Bd7 Rd8 26. Ke2 c5 27. Bc6
Rxd1 28. Kxd1 Bh4 29. g3 Be7 30. Bxe4 f5 31. Bd3 Kf7 32. Ke2 Ke6 33. f4 h6 34.
Kf3 g5 35. g4 fxg4+ 36. hxg4 Bd6 37. Bf5+ 1/2-1/2

[Event "Benidorm 2010 - Sub-2300"]
[Site "Benidorm ESP"]
[Date "2010.12.03"]
[Round "1.37"]
[White "Tonus, Alex"]
[Black "Rocabert Andreu, Guillem A"]
[Result "1/2-1/2"]
[WhiteElo "2053"]
[BlackElo "2227"]
[PlyCount "60"]
[EventDate "2010.12.03"]
[EventType "tourn"]
[EventRounds "10"]
[EventCountry "ESP"]
[Source "lmi"]
[SourceDate "2010.12.03"]

1. e4 Nf6 2. e5 Nd5 3. d4 d6 4. Nf3 g6 5. Bc4 Nb6 6. Bb3 Bg7 7. Ng5 e6 8. Qf3
Qd7 9. Ne4 dxe5 10. Nf6+ Bxf6 11. Qxf6 Rg8 12. dxe5 Qd4 13. Bg5 Nc6 14. Nc3 Nd7
15. Qf4 Qxf4 16. Bxf4 g5 17. Bg3 a6 18. O-O-O Nc5 19. Rhe1 Bd7 20. Ne4 Nxe4 21.
Rxe4 Ne7 22. f3 Bc6 23. Re2 Rd8 24. Red2 Rxd2 25. Rxd2 Bd5 26. c4 Bc6 27. Bc2
h5 28. h4 g4 29. f4 b5 30. b3 Bd7 1/2-1/2

[Event "Benidorm 2010 - Sub-2300"]
[Site "Benidorm ESP"]
[Date "2010.12.03"]
[Round "1.43"]
[White "Munuera Sanchez, Jorge Juan"]
[Black "Khojayan, Vardan"]
[Result "0-1"]
[WhiteElo "2046"]
[BlackElo "2215"]
[PlyCount "64"]
[EventDate "2010.12.03"]
[EventType "tourn"]
[EventRounds "10"]
[EventCountry "ESP"]
[Source "lmi"]
[SourceDate "2010.12.03"]

1. e4 c5 2. Nc3 d6 3. f4 Nc6 4. Bb5 Bd7 5. Nf3 e6 6. d3 Be7 7. O-O a6 8. Bxc6
Bxc6 9. Qe1 Nf6 10. e5 Nd5 11. Ne4 O-O 12. Bd2 b5 13. exd6 Bxd6 14. Nxd6 Qxd6
15. Qe5 Qd7 16. Rae1 Rac8 17. Qe2 Bb7 18. Ng5 h6 19. Ne4 c4 20. dxc4 Rxc4 21.
b3 Rxc2 22. Qd3 Rfc8 23. f5 exf5 24. Ng3 Nf6 25. Qxd7 Nxd7 26. Rf2 Rxa2 27.
Nxf5 Rcc2 28. Be3 Ne5 29. Bd4 Rxf2 30. Bxf2 Rxf2 31. Rxe5 Rxg2+ 32. Kf1 Rxh2
0-1

[Event "Benidorm 2010 - Sub-2300"]
[Site "Benidorm ESP"]
[Date "2010.12.03"]
[Round "1.47"]
[White "Sabater Robles, Rafael"]
[Black "Cantero, Antonio"]
[Result "0-1"]
[WhiteElo "2037"]
[BlackElo "2211"]
[PlyCount "41"]
[EventDate "2010.12.03"]
[EventType "tourn"]
[EventRounds "10"]
[EventCountry "ESP"]
[Source "lmi"]
[SourceDate "2010.12.03"]

1. c4 c6 2. Nc3 d5 3. cxd5 cxd5 4. d4 Nc6 5. Nf3 Nf6 6. Bf4 Bf5 7. Ne5 Qb6 8.
Nxc6 bxc6 9. Qb3 e6 10. f3 Be7 11. Na4 Qxd4 12. Be3 Qb4+ 13. Bd2 Qxb3 14. axb3
Kd7 15. b4 Rab8 16. e4 dxe4 17. Be3 Bxb4+ 18. Kf2 exf3 19. gxf3 Nd5 20. Bxa7
Rb7 21. Bd4 0-1

[Event "Benidorm 2010 - Sub-2300"]
[Site "Benidorm ESP"]
[Date "2010.12.03"]
[Round "1.48"]
[White "Suarez Roa, Jose Francisco"]
[Black "Paya Prats, Damian"]
[Result "1-0"]
[WhiteElo "2209"]
[BlackElo "2036"]
[PlyCount "64"]
[EventDate "2010.12.03"]
[EventType "tourn"]
[EventRounds "10"]
[EventCountry "ESP"]
[Source "lmi"]
[SourceDate "2010.12.03"]

1. e4 e5 2. Nf3 Nf6 3. Nxe5 d6 4. Nf3 Nxe4 5. Nc3 Nxc3 6. dxc3 Be7 7. Be3 c6 8.
Qd2 d5 9. Bd3 Nd7 10. Bd4 O-O 11. h4 Nf6 12. O-O-O c5 13. Bxf6 Bxf6 14. Qf4 c4
15. Bxc4 Be6 16. Nd4 Qa5 17. Bb3 Rac8 18. Rd3 b5 19. g4 b4 20. cxb4 Qb6 21. g5
Be7 22. h5 Qxb4 23. h6 Qd6 24. Qe3 f6 25. f4 Rfe8 26. Ba4 Bd7 27. Bxd7 Qxd7 28.
Qd2 Bd6 29. Rf1 Re4 30. f5 Be5 31. gxf6 gxf6 32. Kb1 Qb5 1-0

[Event "Benidorm 2010 - Sub-2300"]
[Site "Benidorm ESP"]
[Date "2010.12.03"]
[Round "1.52"]
[White "Tscharotschkin, Michael"]
[Black "Rios Garcia, Miguel"]
[Result "0-1"]
[WhiteElo "2195"]
[BlackElo "2030"]
[PlyCount "46"]
[EventDate "2010.12.03"]
[EventType "tourn"]
[EventRounds "10"]
[EventCountry "ESP"]
[Source "lmi"]
[SourceDate "2010.12.03"]

1. d4 d5 2. Nf3 Nf6 3. c4 e6 4. Nc3 c6 5. e3 Nbd7 6. Qc2 Bd6 7. Be2 O-O 8. O-O
e5 9. Rd1 e4 10. Ne1 Re8 11. b3 Nf8 12. cxd5 Ng4 13. g3 cxd5 14. h3 Nxf2 15.
Kxf2 Bxh3 16. Nxd5 Bxg3+ 17. Kxg3 Qxd5 18. Kxh3 Rac8 19. Qb2 Rc6 20. Ng2 Qg5
21. Kh2 h5 22. Bd2 Rg6 23. Rg1 Qg3+ 0-1

[Event "Benidorm 2010 - Sub-2300"]
[Site "Benidorm ESP"]
[Date "2010.12.03"]
[Round "1.55"]
[White "Garcia Ramos, Marcos"]
[Black "Lacrosse, Marc"]
[Result "1/2-1/2"]
[WhiteElo "2027"]
[BlackElo "2184"]
[PlyCount "43"]
[EventDate "2010.12.03"]
[EventType "tourn"]
[EventRounds "10"]
[EventCountry "ESP"]
[Source "lmi"]
[SourceDate "2010.12.03"]

1. e4 e5 2. Nf3 Nc6 3. d4 exd4 4. Nxd4 Bc5 5. Be3 Qf6 6. c3 Nge7 7. Bc4 Ne5 8.
Be2 Qg6 9. O-O d6 10. f4 Qxe4 11. Bf2 Bxd4 12. cxd4 N5g6 13. g3 O-O 14. Nc3 Qf5
15. d5 Bd7 16. Bf3 Rfe8 17. Be4 Qg4 18. Bf3 Qf5 19. Be4 Qg4 20. Bf3 Qf5 21. Be4
Qg4 22. Bf3 1/2-1/2

[Event "Benidorm 2010 - Sub-2300"]
[Site "Benidorm ESP"]
[Date "2010.12.03"]
[Round "1.56"]
[White "Martinez Tormo, Jorge"]
[Black "Garcia Galeote, Lorenzo"]
[Result "1-0"]
[WhiteElo "2182"]
[BlackElo "2025"]
[PlyCount "67"]
[EventDate "2010.12.03"]
[EventType "tourn"]
[EventRounds "10"]
[EventCountry "ESP"]
[Source "lmi"]
[SourceDate "2010.12.03"]

1. e4 g6 2. d4 Bg7 3. Nc3 d6 4. Be3 a6 5. Qd2 b5 6. f3 Bb7 7. Nge2 Nd7 8. g4 c5
9. Ng3 Qc7 10. d5 b4 11. Nd1 a5 12. c4 Ne5 13. Be2 Ba6 14. Rc1 O-O-O 15. O-O h5
16. gxh5 Nf6 17. h6 Bf8 18. a3 Ng8 19. axb4 axb4 20. f4 Nd7 21. Ra1 Bb7 22. Nf2
Nxh6 23. Ra7 Bg7 24. Rfa1 f5 25. Qc2 Rdf8 26. R1a5 Nb6 27. e5 Nf7 28. Nd3 Kb8
29. Bxc5 Nc8 30. Rxb7+ Qxb7 31. Rb5 Qxb5 32. cxb5 dxc5 33. Nxc5 Nb6 34. Na6+
1-0

[Event "Benidorm 2010 - Sub-2300"]
[Site "Benidorm ESP"]
[Date "2010.12.03"]
[Round "1.61"]
[White "Griezne, Edvins"]
[Black "Torres Maesso, Pedro"]
[Result "1-0"]
[WhiteElo "2012"]
[BlackElo "2176"]
[PlyCount "55"]
[EventDate "2010.12.03"]
[EventType "tourn"]
[EventRounds "10"]
[EventCountry "ESP"]
[Source "lmi"]
[SourceDate "2010.12.03"]

1. d4 d6 2. e4 Nf6 3. Nc3 e5 4. Nf3 Nbd7 5. Bc4 Be7 6. Ng5 O-O 7. Bxf7+ Rxf7 8.
Ne6 Qe8 9. Nxc7 Qd8 10. Nxa8 b6 11. dxe5 Nxe5 12. f4 Bg4 13. Qd2 Qxa8 14. fxe5
dxe5 15. Qd3 Nd7 16. Rf1 Bh4+ 17. g3 Bf6 18. Be3 Qf8 19. Nd5 Nc5 20. Bxc5 Qxc5
21. Rf2 Bg5 22. Rxf7 Kxf7 23. h4 Bh6 24. Qf1+ Ke6 25. c3 b5 26. b4 Qc4 27. Qxc4
bxc4 28. Kf2 1-0

[Event "Benidorm 2010 - Sub-2300"]
[Site "Benidorm ESP"]
[Date "2010.12.03"]
[Round "1.62"]
[White "Mengual Bolo, Carlos"]
[Black "Cruz Lledo, Pablo"]
[Result "0-1"]
[WhiteElo "2175"]
[BlackElo "2010"]
[PlyCount "78"]
[EventDate "2010.12.03"]
[EventType "tourn"]
[EventRounds "10"]
[EventCountry "ESP"]
[Source "lmi"]
[SourceDate "2010.12.03"]

1. d4 d5 2. c4 c6 3. cxd5 cxd5 4. Nf3 Nf6 5. Nc3 e6 6. Bf4 a6 7. Rc1 Nc6 8. e3
Be7 9. Bd3 Nh5 10. Bg3 Bd7 11. O-O Nxg3 12. hxg3 O-O 13. Qe2 Rc8 14. e4 Nb4 15.
Bb1 Rxc3 16. bxc3 Bb5 17. c4 Bxc4 18. Rxc4 dxc4 19. Qxc4 b5 20. Qc3 a5 21. Rd1
Qc8 22. Qb2 Qb7 23. Rc1 a4 24. Ne5 f6 25. Nf3 Rd8 26. a3 Na6 27. Ba2 Qb6 28.
Rb1 b4 29. axb4 Nxb4 30. Qa3 Qa6 31. Ra1 Kf8 32. Bb1 Ra8 33. Qe3 a3 34. Ne1 a2
35. Bd3 Qa3 36. Qd2 Qb3 37. Kh2 Ra3 38. Nc2 Qxd3 39. Qxd3 Rxd3 0-1

[Event "Benidorm 2010 - Sub-2300"]
[Site "Benidorm ESP"]
[Date "2010.12.03"]
[Round "1.66"]
[White "Garcia Amoros, Pablo"]
[Black "Cirjan, Daniel"]
[Result "1-0"]
[WhiteElo "2168"]
[BlackElo "1989"]
[PlyCount "57"]
[EventDate "2010.12.03"]
[EventType "tourn"]
[EventRounds "10"]
[EventCountry "ESP"]
[Source "lmi"]
[SourceDate "2010.12.03"]

1. e4 c6 2. d4 d5 3. Nc3 dxe4 4. Nxe4 Nf6 5. Nxf6+ exf6 6. c3 Bd6 7. Bd3 O-O 8.
Ne2 Bg4 9. Qc2 g6 10. Bh6 Re8 11. f3 Be6 12. c4 Na6 13. a3 Nc7 14. h4 b5 15. c5
Be7 16. Be3 f5 17. h5 Bf6 18. hxg6 fxg6 19. O-O-O a5 20. g4 fxg4 21. Bxg6 hxg6
22. Qxg6+ Bg7 23. Bg5 Qd7 24. fxg4 Bf7 25. Qh7+ Kf8 26. Bh6 Rxe2 27. Qxg7+ Ke7
28. Bg5+ Ke6 29. Rh6+ 1-0

[Event "Benidorm 2010 - Sub-2300"]
[Site "Benidorm ESP"]
[Date "2010.12.04"]
[Round "2.1"]
[White "Jordan Martinez, Miguel"]
[Black "Lillo Castay, Victor"]
[Result "1/2-1/2"]
[WhiteElo "2169"]
[BlackElo "2288"]
[PlyCount "96"]
[EventDate "2010.12.03"]
[EventType "tourn"]
[EventRounds "10"]
[EventCountry "ESP"]
[Source "lmi"]
[SourceDate "2010.12.03"]

1. e4 e5 2. Nf3 Nc6 3. Bc4 Nf6 4. Ng5 d5 5. exd5 Na5 6. Bb5+ Bd7 7. Qe2 Bd6 8.
Bxd7+ Qxd7 9. Nc3 O-O 10. d3 c6 11. dxc6 Nxc6 12. O-O Nd4 13. Qd1 Rac8 14. Bd2
b5 15. Rc1 b4 16. Nce4 Nxe4 17. Nxe4 Be7 18. Bxb4 Bxb4 19. c3 f5 20. Nd2 Bc5
21. cxd4 Bxd4 22. Qb3+ Kh8 23. Rxc8 Rxc8 24. Nf3 h6 25. h3 Qd6 26. Nxd4 Qxd4
27. Re1 e4 28. dxe4 fxe4 29. Qe6 Rf8 30. Rf1 Rf6 31. Qc8+ Kh7 32. Qc3 Qxc3 33.
bxc3 Ra6 34. Re1 Rxa2 35. Rxe4 Rc2 36. Ra4 Rxc3 37. Rxa7 h5 38. Ra6 Rc2 39. g3
Rb2 40. Kg2 Rc2 41. g4 hxg4 42. hxg4 g5 43. Kf3 Kg7 44. Kg3 Rb2 45. Ra3 Rc2 46.
f4 gxf4+ 47. Kxf4 Rc4+ 48. Kg5 Rc5+ 1/2-1/2